000 00449nam a22001577a 4500
999 _c12368
_d12368
008 190123b ||||| |||| 00| 0 eng d
020 _a1-885030-28-2
082 _21999
_aDFil.899.21
_bV711
100 _aVilla, Garcia Jose
_934905
245 _aThe anchored angel
260 _aNew York :
_bmUAE Publishing, Inc.
_c©1999
300 _axv, 255 pages ;
_c23 cm.
500 _aBibliography and index.
650 _aPoetry
_934906
942 _2ddc
_cDFIL